000 00788nam a2200289Ia 4500
008 171120s9999 xx 000 0 und d
020 _a9.7800710887e+012
050 _a370.72
050 _bF799 2008
100 _aFraenkel, Jack R.
245 _aHow to design and evaluate research in education /
245 _cby Jack R. Fraenkel.
250 _aSeventh edition.
260 _aPhilippines :
260 _bMcGraw Hill,
260 _c2010
300 _axxviii, 642 pages :
300 _billustrations ;
300 _c25cm.
650 _aEducation --
650 _aEducation --
650 _aProposal writing in educational research.
650 _xResearch -- Evaluation.
650 _xResearch -- Methodology.
700 _aTitle.
700 _aWallen, Norman E.
999 _c345002
_d345002